01421nam a2200337Ia 4500001001200000003000800012006001900020007001500039008004100054020001800095040002100113035002100134050002900155245011500184250001200299260008200311300002800393490001700421500001900438500006000457504005100517533015200568630002400720650003400744650001900778655002900797710009600826710001700922830001800939856012600957ebr10112140CaPaEBRm u cr cn|||||||||040202s2003 txua sb 001 0 eng d z9780738499765 aCaPaEBRcCaPaEBR a(OCoLC)22637666414aQA76.76.O63bA389 2003eb00aAIX 5L performance tools handbookh[electronic resource] /cIBM, International Technical Support Organization. a2nd ed. aAustin, TX :bIBM Corp., International Technical Support Organization,c2003. axxviii, 1006 p. :bill.1 aIBM redbooks a"August 2003." aThis edition applies to Version 5, Release 2 of AIX 5L. aIncludes bibliographical references and index. aElectronic reproduction.bPalo Alto, Calif. :cebrary,d2009.nAvailable via World Wide Web.nAccess may be limited to ebrary affiliated libraries.00aAIX (Computer file) 0aOperating systems (Computers) 0aSystem design. 7aElectronic books.2local2 aInternational Business Machines Corporation.bInternational Technical Support Organization.2 aebrary, Inc. 0aIBM redbooks.40uhttp://site.ebrary.com/lib/rucke/Doc?id=10112140zAn electronic book accessible through the World Wide Web; click to view